Study on the impacts of participation in chup pring water user community in kampong ro district, svay rieng province, សិក្សាពីឥទ្ធិពលនៃការចូលរួមរបស់សហគមន៍ប្រើប្រាស់ទឹកជប់ព្រីង ស្រុកកំពង់រោទ៍ ខេត្តស្វាយរៀង (Record no. 6572)
[ view plain ]
| 000 -LEADER | |
|---|---|
| fixed length control field | 00763nam a22001577a 4500 |
| 003 - CONTROL NUMBER IDENTIFIER | |
| control field | OSt |
| 005 - DATE AND TIME OF LATEST TRANSACTION | |
| control field | 20160208160827.0 |
| 008 - FIXED-LENGTH DATA ELEMENTS--GENERAL INFORMATION | |
| fixed length control field | 160208b xxu||||| |||| 00| 0 eng d |
| 040 ## - CATALOGING SOURCE | |
| Transcribing agency | RUA |
| 082 ## - DEWEY DECIMAL CLASSIFICATION NUMBER | |
| Classification number | MGR EM 2004 B376 Or.1 |
| 100 ## - MAIN ENTRY--PERSONAL NAME | |
| 9 (RLIN) | 6985 |
| Personal name | EM VICHETH; ឯម វិចិត្រ |
| 245 ## - TITLE STATEMENT | |
| Title | Study on the impacts of participation in chup pring water user community in kampong ro district, svay rieng province, សិក្សាពីឥទ្ធិពលនៃការចូលរួមរបស់សហគមន៍ប្រើប្រាស់ទឹកជប់ព្រីង ស្រុកកំពង់រោទ៍ ខេត្តស្វាយរៀង |
| 260 ## - PUBLICATION, DISTRIBUTION, ETC. (IMPRINT) | |
| Place of publication, distribution, etc. | Phnom Penh |
| Name of publisher, distributor, etc. | RUA |
| Date of publication, distribution, etc. | 2004 |
| 300 ## - PHYSICAL DESCRIPTION | |
| Extent | xi ;74p. |
| Other physical details | ill. |
| Dimensions | 29cm. |
| 942 ## - ADDED ENTRY ELEMENTS (KOHA) | |
| Source of classification or shelving scheme | |
| Koha item type | MGR |
| Price effective from | Date last seen | Permanent Location | Not for loan | Date acquired | Source of classification or shelving scheme | Koha item type | Lost status | Withdrawn status | Date last checked out | Total Checkouts | Shelving location | Damaged status | Barcode | Current Location | Full call number |
|---|---|---|---|---|---|---|---|---|---|---|---|---|---|---|---|
| 2016-02-08 | 2016-02-08 | Library Block B | 2016-02-08 | MGR | B376 | RUA053528 | Library Block B | MGR EM 2004 B376 Or.1 | |||||||
| 2016-02-08 | 2019-02-11 | Library Block B | 2016-02-08 | MGR | 2019-02-01 | 2 | B376 | RUA053493 | Library Block B | MGR EM 2004 B376 Or.2 | |||||
| 2016-02-08 | 2016-02-08 | Library Block B | 2016-02-08 | MGR | B376 | RUA055245 | Library Block B | MGR EM 2004 B376 Or.3 | |||||||
| 2016-02-08 | 2016-02-08 | Library Block B | 2016-02-08 | MGR | B376 | RUA053784 | Library Block B | MGR EM 2004 B376 Or.4 | |||||||
| 2016-02-08 | 2018-04-24 | Library Block B | 2016-02-08 | MGR | 2018-03-28 | 1 | B376 | RUA051103 | Library Block B | MGR EM 2004 B376 Or.5 | |||||
| 2016-02-08 | 2018-04-06 | Library Block B | 2016-02-08 | MGR | 2018-03-30 | 1 | B376 | RUA052191 | Library Block B | MGR EM 2004 B376 Or.6 | |||||
| 2016-02-08 | 2018-05-28 | Library Block B | 2016-02-08 | MGR | 2018-05-16 | 1 | B376 | RUA051409 | Library Block B | MGR EM 2004 B376 Or.7 | |||||
| 2016-02-08 | 2016-02-08 | Library Block B | 2016-02-08 | MGR | B376 | RUA052068 | Library Block B | MGR EM 2004 B376 Or.8 |